Nuovi argomenti : rivista bimestrale /

Guardat en:
Dades bibliogràfiques
Altres autors: Moravia, Alberto, Pasolini, Pier Paolo, Siciliano, Enzo
Format: Publicació Periòdica
Idioma:italià
Etiquetes: Afegir etiqueta
Sense etiquetes, Sigues el primer a etiquetar aquest registre!

MARC

LEADER 00000nas a2200000 4500
001 CDOM0000000628
003 mi
005 20250901145006.0
008 070307d it ||||| |||| 00| 0 ita d
040 |b ita  |c mi 
245 1 |a Nuovi argomenti :  |b rivista bimestrale /  |c diretta da Alberto Moravia, Pier Paolo Pasolini, Enzo Siciliano 
700 |a Moravia, Alberto 
700 |a Pasolini, Pier Paolo 
700 |a Siciliano, Enzo 
942 |2 ddc  |c CR 
952 |0 0  |1 0  |2 ddc  |4 0  |7 0  |9 4927  |a MI  |b MI  |d 1987-07-20  |h n. 33-34 (maggio-agosto 1973), n. 4 (ottobre-dicembre 1982)  |i 372  |l 0  |p CDOM372  |r 2025-07-07 11:14:00  |w 2025-07-07  |x DONO  |y CR 
999 |c 3873  |d 3873